Quizzes
Events
Quiz Creation
Community
Videos
Private Events
Remove Ads
Sign In
Join for FREE
Feedback
Dark Mode
Quiz Categories
Sports
Geography
Music
Movies
Television
Just For Fun
Miscellaneous
History
Literature
Language
Science
Gaming
Entertainment
Religion
Holiday
For Kids
Quiz Lab
Recent
Popular Today
Quiz Kudos Today
Editor Picks
Curator Picks
Quizzes by...
Day
Popularity
Type
Ratings
Length
Year
Community
Subscriptions
Recent Discussions
Orange Saloon
Badges
Playlists
Quests
Create
Leaderboards
Showdown
Live 5
Trivia Bingo
Activity
Puzzle Library
Sporcle Events
Private Events
Virtual Trivia
Globe League
Become a Host
Pub Owners
SporcleCon
Opinionation
Our Games
Videos
Blog
Mobile Apps
Partnerships
Remove Ads and Go Orange
Feedback
Gaming
Video Games
Board Games
Card Games
Pokémon
Mario
Nintendo
Minecraft
Console
Toys
Legend of Zelda
Gaming
Video Games
Board Games
Card Games
Pokémon
Mario
Nintendo
Minecraft
Console
Toys
Legend of Zelda
Random Quiz
Search Sporcle
×
Quiz Lab
Quiz Lab
Gaming
World
Type in answers that appear in a list
Type in answers that appear in a list
Classic
Best Score? Go Orange.
SMG2 galaxies Stats
Can you name the SMG2 galaxies?
By
urpoo
12m
49 Questions
9 Plays
9 Plays
9 Plays
Comments
Comments
Give Quiz Kudos
Give Quiz Kudos
-
- Ratings
hide this ad
Replay
Link that replays current quiz
Next Quiz
Link to next quiz in quiz playlist
You Got
0%
They Got
Avg Score
59%
Avg Friend Score
Upgrade to see
Score Distribution
Jump to the score distribution portion of the page
Score
0/49
Timer
12:00
0
Plays Today
World
Galaxy
% Correct
1
Sky Station
100%
1
Flip-swap
100%
2
High Tail Falls
100%
1
Yoshi Star
88.9%
1
Spin-dig
88.9%
1
Fluffy Bluff
88.9%
1
Rightside Down
88.9%
2
Puzzle Plank
88.9%
2
Boulder Bowl
88.9%
3
Tall Trunk
77.8%
4
Chompworks
77.8%
6
Melty Monster
77.8%
6
Throwback
77.8%
2
Wild Glide
66.7%
2
Bowser's Lava Lair
66.7%
3
Cloudy Court
66.7%
3
Haunty Halls
66.7%
5
Space Storm
66.7%
6
Battle Belt
66.7%
S
Boss Blitz
66.7%
S
Grandmaster
66.7%
1
Bowser Jr.'s Fiery Flotilla
55.6%
2
Cosmic Cove
55.6%
2
Honeybloom
55.6%
4
Supermassive
55.6%
World
Galaxy
% Correct
4
Flipsville
55.6%
4
Starshine Beach
55.6%
S
Mario Squared
55.6%
S
Rolling Coaster
55.6%
3
Freezy Flake
44.4%
3
Rolling Masterpiece
44.4%
3
Beat Block
44.4%
4
Bowser's Gravity Gauntlet
44.4%
5
Shiverburn
44.4%
5
Fleet Glide
44.4%
5
Boo Moon
44.4%
6
Slimy Spring
44.4%
6
Bowser's Galaxy Generator
44.4%
S
Stone Cyclone
44.4%
S
Flip-out
44.4%
3
Bowser Jr.'s Fearsome Fleet
33.3%
4
Sweet Mystery
33.3%
4
Honeyhop
33.3%
5
Slipsand
33.3%
5
Upside Dizzy
33.3%
5
Bowser Jr.'s Boom Bunker
33.3%
6
Clockwork Ruins
33.3%
6
Flash Back
33.3%
S
Twisty Trials
33.3%
Quiz Playlist
Details
Report
Send in Message
Add To Playlist
Classic:
Type in answers that appear in a list
Last Updated: Feb 16, 2017
Quiz Scoreboard
CHALLENGE
Sign Up to Join the Scoreboard
Show All
Scores
Hide
Comments
May contain spoilers
Recently Published
Alphabetical 'K' Countries by Flag Minefield
by ylime102
Geography
3m
Pick 6: Fruits
by JohnFran
Miscellaneous
15s
Click the 1999 NBA Draft
by nibperrychub
Sports
2m
More to Explore
Quiz From the Vault
Featured Blog Post
15 Basketball Trivia Facts You Can Be March Mad About
hide this ad
You Might Also Like...
Tags
World Quiz
Galaxy
Today's Top Quizzes in Gaming
Browse Gaming
hide this ad
Today's Top Quizzes in World
Browse World
Top Contributed Quizzes in Gaming
1
Pokémon Gen IV Logic Puzzle (HARD)
2
HARD Pokemon Logic Puzzle
3
Honkai: Star Rail Technique Names Quiz
4
Order Genshin Impact characters by release date!
5
Kingdom Hearts Logic Puzzle
6
Genshin Impact Logic Puzzle Quiz
7
Danganronpa 1 Logic Puzzle
8
Pokémon Logic Puzzle (DIFFICULT)
9
Danganronpa Sorting Blitz
10
Stardew Valley Logic Puzzle
Explore More
Trending Topics
Anime
NBA
Crossword
Disney
Marvel
Harry Potter
Kpop
NFL
Country
Pokémon
Soccer
WWE
Song
The Office
Puzzle
hide this ad
More By:
urpoo
Quiz
Plays
Rating
Category
Featured
Created
Name the Austin and Ally people in alphabetical order
3,030
5.00
Television
Jul 8, 2012
Austin and Ally characters
2,251
5.00
Television
Jun 3, 2012
Wizards Of Waverly Place chain
498
3.00
Television
Jun 3, 2012
Shake It Up chain
486
Television
Oct 20, 2012
Superhero Lyrics 5SOS
222
Music
Jul 25, 2014
Go to Creator's Profile
Score Distribution
Quiz Creator Spotlight
urpoo
Follow
Send a Message
Quizzes Created
-
Created Quiz Play Count
-
More By This Creator
Popular Quizzes Today
1
Find the US States - No Outlines Minefield
2
Countries of Asia Without Outlines Minefield
3
Pick 6: Fruits
4
Alphabetical 'K' Countries by Flag Minefield
5
The Countries of the World
6
Find the US States
7
Match the Book to the Film X
8
Click the 1999 NBA Draft
More Gaming Quizzes
P-P-P-Pokéface!
Published
Trending Quizzes
Pick 6: Mountains
Pick 6: Harry Potter
Pick 6: NFL Teams
Pick 6: Movie Franchises
Pick 6: Golfers
Recently Updated
NWSL Teams
pecheneg
Women's Final Four Teams by Year
bhenderson79
Presidents Quartet II
eogle
Anything But Clue(do)
eogle
Anything But Oceanian Capitals
eogle
Anything But 7
eogle
Anything But Thing
eogle
Word Ladder: February 29
pecheneg
Song Title Questions
pecheneg
Women's NCAA Tournament #1 Seeds
pecheneg
Trending Topics
Harry Potter
Kpop
Disney
Anime
Marvel
NBA
Crossword
Song
Pokémon
NFL
Puzzle
WWE
The Office
Soccer
Country
Your Account Isn't Verified!
In order to create a playlist on Sporcle, you need to verify the email address you used during registration. Go to your
Sporcle Settings
to finish the process.
Report this User
Report this user for behavior that violates our
Community Guidelines
.
Details:
Send Report
Go to the Sporcle.com Mobile Site →
Comments